000 00869nam a2200265Ia 4500
003 OSt
005 20220924124218.0
006 a|||||r|||| 00| 0
007 ta
008 220923b |||||||| |||| 00| 0 urd d
020 _a8175872780 (pbk)
020 _c277
024 _a291054
037 _b4688, 09/03/2016, Kitabi Duniya
_cTextual
040 _aARTS
_cARTS
_burd
041 _2urd
_aurd
082 _aO168,3M96:g, P9
100 _aQidwai. Abdul Aleem Co.
_9195197
245 0 _aTabsirat e majidi
_b Moulan abdul majid dariyabadi ke adbi tabsiro ka majmua
260 _aNew Delhi
_b National Council for Promotion of Urdu Language. India
_c2009
300 _a472p.
_ccm.
650 _aURDU PROSE
_926866
942 _hO168,3M96:g, P9
_cTEXL
_2CC
999 _c418833
_d418833